Statistics for Elements Starting with C

Click here to take the quiz!

General Stats

  • This quiz has been taken 2,000 times
    (1,981 since last reset)
  • The average score is 10 of 12

Answer Stats

SymElement% Correct
CCarbon
99%
CaCalcium
97%
ClChlorine
97%
CuCopper
96%
CoCobalt
91%
CsCesium
89%
CrChromium
89%
CdCadmium
86%
CfCalifornium
68%
CeCerium
58%
CmCurium
54%
CnCopernicium
44%

Score Distribution

Percentile by Number Answered

Percent of People with Each Score

Your Score History

You have not taken this quiz since the last reset